Introducción a los sistemas de Bases de datos/ (Registro nro. 9382)
[ vista simple ]
| 000 -LEADER | |
|---|---|
| fixed length control field | 00999nam a2200217Ia 4500 |
| 005 - FECHA Y HORA DE LA ÚLTIMA TRANSACCIÓN | |
| control field | 20230917110558.0 |
| 008 - FIXED-LENGTH DATA ELEMENTS--GENERAL INFORMATION | |
| fixed length control field | 230912s9999 xx 000 0 und d |
| 020 ## - INTERNATIONAL STANDARD BOOK NUMBER | |
| International Standard Book Number | 970-17-0256-5 |
| 040 ## - CATALOGING SOURCE | |
| Original cataloging agency | UPAN |
| Transcribing agency | Biblioteca San Vicente |
| Description conventions | RCAA2 |
| 041 ## - LANGUAGE CODE | |
| Language code of text/sound track or separate title | spa |
| 082 ## - DEWEY DECIMAL CLASSIFICATION NUMBER | |
| Classification number | 003.3 |
| Item number | U556i |
| año de publicación | 1999 |
| 100 ## - MAIN ENTRY--PERSONAL NAME | |
| Personal name | Ullman, Jeffrey D. |
| Relator code | aut. |
| 245 #0 - TITLE STATEMENT | |
| Title | Introducción a los sistemas de Bases de datos/ |
| Statement of responsibility, etc | Jeffrey D. Ullman, Jennifer Widom |
| 250 ## - EDITION STATEMENT | |
| Edition statement | 1° ed. |
| 260 ## - PUBLICATION, DISTRIBUTION, ETC. (IMPRINT) | |
| Place of publication, distribution, etc | México: |
| Name of publisher, distributor, etc | Pearson Educación, |
| Date of publication, distribution, etc | 1999 |
| 300 ## - PHYSICAL DESCRIPTION | |
| Extent | 488 p.; |
| Dimensions | 24 cm. |
| 505 ## - FORMATTED CONTENTS NOTE | |
| Formatted contents note | 1. Los mundos de los sistemas de base de datos<br/>2.El diseño de modelos de bases de datos<br/>3.El modelo relacional de datos<br/>4. Operaciones en el modelo relacional<br/>5. El lenguaje de base de datos SQL<br/>6.Restricciones y disipadores en SQL<br/>7. Aspectos sistémicos del lenguaje SQL<br/>8. Lenguaje de consulta orientados a obejtos. |
| 650 ## - SUBJECT ADDED ENTRY--TOPICAL TERM | |
| Source of heading or term | LMEB |
| General subdivision | Programación (computadores electrónicos) |
| 700 ## - ADDED ENTRY--PERSONAL NAME | |
| Personal name | Widom, Jennifer |
| Relator code | aut. |
| 942 ## - ADDED ENTRY ELEMENTS (KOHA) | |
| Koha item type | Libros |
| Source of classification or shelving scheme | Dewey Decimal Classification |
| Withdrawn status | Lost status | Source of classification or shelving scheme | Damaged status | Not for loan | Collection code | Home library | Current library | Date acquired | Total Checkouts | Full call number | Barcode | Date last seen | Copy number | Price effective from | Koha item type |
|---|---|---|---|---|---|---|---|---|---|---|---|---|---|---|---|
| Dewey Decimal Classification | Colección General | Biblioteca UPAN San Vicente | Biblioteca UPAN San Vicente | 12/09/2023 | 003.3 U556i | 12000036 | 12/09/2023 | 01 | 12/09/2023 | Libros |